Laddar...

Six caroline plays /

Bibliografiska uppgifter
Huvudupphovsman: Caroline, .
Materialtyp: Printed Book
Språk:English
Publicerad: London : Oxford University Press , 1962.
LEADER 00483cam a2200157ua 4500
041 |a eng 
082 |a 822  |b CAR/SI 
100 |a Caroline, . 
245 |a Six caroline plays /   |c Caroline.  |h Textual Documents 
260 |a London :   |b Oxford University Press ,   |c 1962. 
300 |a 552 ; . 
504
541 |e 6637  
942 |c BK 
999 |c 32694  |d 32694 
952 |0 0  |1 0  |4 0  |6 822_000000000000000  |7 0  |9 43031  |a KAUAET  |b KAUAET  |d 2012-04-07  |m 0  |o 822  |p KAU_KCAET-6637   |r 2012-04-07  |w 2012-04-07  |y BK